Gaming Quiz

Random Gaming or Pokémon Quiz
Score 0/48 Timer 08:00
0 Plays Today
Generation Pokemon % Correct
IMewtwo
95.7%
IMew
95.7%
IArticuno
92.9%
IZapdos
92.9%
IMoltres
92.9%
IIEntei
87.1%
IISuicune
87.1%
IILugia
87.1%
IIHo-oh
87.1%
IIRaikou
85.7%
IIIKyogre
84.3%
IIIGroudon
84.3%
IIIRegirock
81.4%
IIIRayquaza
81.4%
IIIRegice
80%
IIIRegisteel
80%
IVDialga
80%
IVPalkia
80%
IIILatias
78.6%
IIILatios
78.6%
IICelebi
77.1%
IVMesprit
77.1%
IVAzelf
77.1%
IVDarkrai
75.7%
Generation Pokemon % Correct
IVArceus
74.3%
IVUxie
72.9%
IVHeatran
72.9%
IVGiratina
72.9%
IIIDeoxys
71.4%
IVRegigigas
71.4%
IVPhione
71.4%
IVManaphy
71.4%
VVictini
71.4%
VZekrom
71.4%
IIIJirachi
70%
VReshiram
70%
IVCresselia
68.6%
IVShaymin
68.6%
VTerrakion
61.4%
VKyurem
61.4%
VCobalion
60%
VVirizion
58.6%
VThundurus
58.6%
VLandorus
57.1%
VGenesect
54.3%
VKeldeo
52.9%
VMeloetta
47.1%
VTornados
32.9%
Remove Ads.
Support Sporcle.
Get the best of Sporcle when you Go Orange. This ad-free experience offers more features, more stats, and more fun while also helping to support Sporcle. Thank you for becoming a member.

You're not logged in!

Compare scores with friends on all Sporcle quizzes.
OR
Log In

Show Comments

Extras

Top Quizzes Today


Score Distribution

Your Account Isn't Verified!

In order to create a playlist on Sporcle, you need to verify the email address you used during registration. Go to your Sporcle Settings to finish the process.

Report this User

Report this user for behavior that violates our Community Guidelines.

Details: